Lithium - Nirvana [lyrics] - Statistics

General Stats
  • This quiz has been taken 71 times
  • The average score is 230 of 297
Answer Stats
Answer % Correct
I
98%
I'm
93%
my
93%
a
91%
'cause
91%
'Cause
91%
found
91%
friends
91%
happy
91%
so
91%
to
91%
today
91%
head
89%
in
89%
you
89%
They're
83%
God
80%
okay
80%
that's
80%
Yeah
80%
yeah
80%
are
78%
not
76%
ugly
76%
day
74%
is
74%
horny
72%
love
72%
And
70%
gonna
67%
good
67%
will
67%
crack
65%
it
65%
like
65%
I've
63%
killed
61%
lonely
61%
miss
61%
Broke
59%
But
59%
candles
57%
daze
57%
excited
57%
morning
57%
Sunday
57%
there
57%
all
54%
care
54%
every
54%
mirrors
54%
wait
54%
can't
52%
Light
52%
for
50%
meet
50%
our
50%
don't
48%
scared
48%
sad
46%
shaved
43%
just
41%
maybe
41%
sure
39%
blame
37%
hurt
17%
No matching quizzes found
Score Distribution
Percent of People with Each Score
Percentile by Number Answered
Your Score History
You have not taken this quiz